Statistics for Rihanna Songs

Click here to take the quiz!

General Stats

  • This quiz has been taken 1,943 times
  • The average score is 21 of 74

Answer Stats

AlbumSong% Correct
Good Girl Gone BadUmbrella
83%
LoudOnly Girl (In the World)
67%
Music of the SunPon de Replay
66%
LoudS&M
66%
Good Girl Gone BadDisturbia
60%
Rated RRude Boy
60%
Talk That TalkWe Found Love
58%
Good Girl Gone BadDon't Stop the Music
56%
Talk That TalkTalk That Talk
56%
Good Girl Gone BadShut Up and Drive
55%
LoudWhat's My Name?
55%
LoudCalifornia King Bed
54%
A Girl Like MeSOS
54%
A Girl Like MeUnfaithful
52%
LoudMan Down
50%
Rated RRussian Roulette
49%
Good Girl Gone BadTake a Bow
47%
Talk That TalkWhere Have You Been
46%
Good Girl Gone BadGood Girl Gone Bad
45%
Good Girl Gone BadRehab
40%
Rated RTe Amo
37%
Talk That TalkYou Da One
37%
LoudCheers (Drink to That)
36%
Rated RHard
36%
Talk That TalkBirthday Cake
34%
Music of the SunMusic of the Sun
34%
A Girl Like MeA Girl Like Me
33%
Good Girl Gone BadHate That I Love You
32%
Good Girl Gone BadBreakin' Dishes
25%
Rated RRockstar 101
25%
LoudSkin
25%
A Girl Like MeWe Ride
25%
LoudComplicated
24%
Music of the SunIf It's Lovin' That You Want
24%
LoudRaining Men
24%
Talk That TalkCockiness (Love It)
23%
LoudFading
22%
LoudLove the Way You Lie (Part II)
21%
Rated RWait Your Turn
20%
Talk That TalkDrunk on Love
19%
Talk That TalkFarewell
19%
Rated RMad House
19%
Rated RPhotographs
19%
Rated RStupid in Love
18%
Rated RCold Case Love
17%
Good Girl Gone BadSell Me Candy
17%
Rated RFire Bomb
16%
Rated RG4L
16%
Good Girl Gone BadPush Up On Me
16%
Talk That TalkRoc Me Out
16%
Rated RThe Last Song
16%
A Girl Like MeBreak It Off
15%
Talk That TalkWatch n' Learn
15%
Talk That TalkWe All Want Love
15%
Good Girl Gone BadQuestion Existing
14%
Good Girl Gone BadIf I Never See Your Face Again
13%
Good Girl Gone BadLemme Get That
13%
Good Girl Gone BadSay It
13%
Music of the SunLet Me
12%
A Girl Like MeKisses Don't Lie
11%
A Girl Like MeP.S. (I'm Still Not Over You)
11%
A Girl Like MeDem Haters
10%
Music of the SunThat La, La, La
10%
A Girl Like MeA Million Miles Away
9%
A Girl Like MeFinal Goodbye
9%
Music of the SunHere I Go Again
9%
Music of the SunRush
9%
Music of the SunThe Last Time
9%
A Girl Like MeCrazy Little Thing Called Love
8%
Music of the SunNow I Know
8%
A Girl Like MeSelfish Girl
8%
Music of the SunThere's a Thug in My Life
8%
Music of the SunWilling to Wait
8%
Music of the SunYou Don't Love Me (No, No, No)
5%

Score Distribution

Percentile by Number Answered

Percent of People with Each Score

Your Score History

You have not taken this quiz